La Filosofía de don Juan Egaña.

Salvato in:
Dettagli Bibliografici
Autore principale: Hanisch Espíndola, Walter (autor)
Natura: Libro
Lingua:inglese
Pubblicazione: Santiago, Chile: Universidad Católica de Chile; Instituto de Historia; Ediciones Historia, 1964.
Soggetti:
Tags: Aggiungi Tag
Nessun Tag, puoi essere il primo ad aggiungerne!!

MARC

LEADER 00000nam a22000007a 4500
003 CL-VaPUC
005 20220822114759.0
008 220802t1964 ||||| |||| 00| 0 eng d
999 |c 437856  |d 437854 
040 |c Pontificia Universidad Católica de Valparaíso 
082 |2 22  |a 199.83 HAN 1964 
100 |9 444650  |a Hanisch Espíndola, Walter  |e autor 
245 |a  La Filosofía de don Juan Egaña.  
260 |a Santiago, Chile:   |b Universidad Católica de Chile;   |b Instituto de Historia;   |b Ediciones Historia,   |c 1964. 
300 |a 153 páginas.  
500 |a c.1 Donación Familia Prof. Alejandro Guzmán Brito. 
583 |c 20220802  |k Yessy Sthefany Diaz Vidal 
600 0 |9 387807  |a Egaña, Juan   |x Filosofía  
650 0 |a Filosofía moderna occidental   |9 874581 
942 |2 ddc  |c BK  |n 0 
952 |0 0  |1 0  |2 ddc  |4 0  |6 199_830000000000000_HAN_1964  |7 0  |8 C_AGB  |9 585703  |a BIBDER  |b BIBDER  |d 2022-08-02  |e Donación   |i 5653601  |o 199.83 HAN 1964  |p 5653601  |r 2023-01-25  |t 1  |w 2022-08-02  |y BK_US  |k AGB